Las nulidades procesales en el código de procedimiento civil chileno

Guardat en:
Dades bibliogràfiques
Autor principal: Santa-Cruz Serrano, Víctor (Autor)
Format: Llibre
Idioma:espanyol
Publicat: Santiago Francisco Cerruti Vial y Antonio Vodanovic Haklicka 1942
Matèries:
Etiquetes: Afegir etiqueta
Sense etiquetes, Sigues el primer a etiquetar aquest registre!

MARC

LEADER 00000nam a2200000 a 4500
001 UCS1250
003 CL-VaPUC
008 970509e19420000CL |||||||||||||||||spa|d
082 0 4 |a 347.05  |b SAN  |2 21 
100 0 |a Santa-Cruz Serrano, Víctor  |e author  |9 385557 
245 1 4 |a Las nulidades procesales en el código de procedimiento civil chileno 
300 |a 121 p 
942 |c BK 
945 |d 19970509 00:00:00  |a paguirre 
260 |a Santiago  |b Francisco Cerruti Vial y Antonio Vodanovic Haklicka  |c 1942 
650 0 |a Derecho procesal civil  |9 258071 
650 0 |a Procedimiento civil  |9 254870 
650 0 |a Nulidad procesal   |9 336734 
650 0 |a Códigos  |9 352314 
651 7 |a CHILE  |2 CL-VaPUC  |9 385558 
583 |a last modification  |c 19970509 00:00:00  |k Rodrigo Vera 
999 |c 259350  |d 259348 
952 |0 0  |1 0  |4 0  |6 347_050000000000000_SAN_1942  |7 0  |8 A  |9 284044  |a BIBDER  |b BIBDER  |d 2019-11-19  |i 1843192  |o 347.05 SAN 1942  |p 1843192  |r 2023-01-25  |w 2019-11-19  |y BK  |k DER 
952 |0 0  |1 0  |4 0  |6 347_050000000000000_SAN_1942  |7 0  |8 A  |9 284045  |a BIBDER  |b BIBDER  |d 2019-11-19  |i 1951955  |o 347.05 SAN 1942  |p 1951955  |r 2023-01-25  |w 2019-11-19  |y BK  |k DER